10 Biggest Oil Producers and Consumers - Statistics

General Stats
  • This quiz has been taken 3,111 times
  • The average score is 13 of 15
Answer Stats
Consumption Production Country % Correct
19,396 12,704 United States
100%
11,968 4,309 China
98%
3,895 12,014 Saudi Arabia
97%
3,113 10,980 Russia
96%
4,159 India
92%
2,322 4,385 Canada
91%
3,920 Iran
91%
4,031 Iraq
88%
4,150 Japan
88%
3,157 Brazil
87%
2,338 Germany
85%
3,902 United Arab Emirates
85%
3,096 Kuwait
75%
2,626 Venezuela
72%
2,575 South Korea
65%
No matching quizzes found
Score Distribution
Percent of People with Each Score
Percentile by Number Answered
Your Score History
You have not taken this quiz